Online Catalogue and eLibrary

Essays on women / (Record no. 55)

MARC details
000 -LEADER
fixed length control field 00596cam a2200217 a 4500
001 - CONTROL NUMBER
control field 631896
005 - DATE AND TIME OF LATEST TRANSACTION
control field 20231122232547.0
008 - FIXED-LENGTH DATA ELEMENTS--GENERAL INFORMATION
fixed length control field 920806s1991 ph a b 000 0 eng
020 ## - INTERNATIONAL STANDARD BOOK NUMBER
ISBN 9718605096
040 ## - CATALOGING SOURCE (பட்டியலாக்க மூலம்)
Original cataloging agency DLC
Transcribing agency DLC
Modifying agency DLC
082 00 - DDC Classification
Class No. 305.4/09599
DDC Edition Number 20
245 00 - TITLE STATEMENT
Title Essays on women /
Statement of responsibility, etc. Mary John Mananzan ... [et al.] ; edited by Mary John Mananzan.
250 ## - EDITION STATEMENT
Edition statement Rev. ed.
260 ## - PUBLICATION, DISTRIBUTION, ETC.
Place of publication, distribution, etc. Manila :
Name of publisher, distributor, etc. Institute of Women's Studies,
Date of publication, distribution, etc. 1991.
300 ## - PHYSICAL DESCRIPTION
Extent (e.g. Volumes, Pages etc.) 182 p. :
490 1# - SERIES STATEMENT
Series statement Women's studies series ;
650 #0 - SUBJECT ADDED ENTRY--TOPICAL TERM
Topical term or geographic name entry element Women
650 #0 - SUBJECT ADDED ENTRY--TOPICAL TERM
Topical term or geographic name entry element Women
700 1# - ADDED ENTRY--PERSONAL NAME
Personal name Mananzan, Mary John,
Relator term (Role) Editor
942 ## - Koha item type (Biblio)
Koha item type Books in Stacks (Lending)
Holdings
Lost status Damaged status Collection code Home library Current library Date acquired Full call number Accession Number Item type
    Lending WERC Library WERC Library 11/23/2023 305.4/09599 2490 Books in Stacks (Lending)

© WERC Library